[Event "Championnat de la Loire - Top20"]
[Site "Loire"]
[Date "2002.12.14"]
[Round "4.2"]
[White "Massard, Christian"]
[Black "Ollier, Michel"]
[Result "1/2-1/2"]
[WhiteElo "1710"]
[BlackElo "1830"]
[PlyCount "71"]

1. Nf3 d5 2. c4 c6 3. e3 Bg4 4. cxd5 cxd5 5. Bb5+ Bd7 6. Qb3 Bxb5 7. Qxb5+ Qd7
8. Nc3 Nf6 9. b3 e6 10. Ne5 Qxb5 11. Nxb5 Na6 12. Bb2 Be7 13. Ke2 O-O 14. Rhc1
Ne8 15. Nd7 Nd6 16. Nxd6 Rfd8 17. Nxb7 Rxd7 18. Na5 f6 19. Nc6 Bd6 20. Nd4 e5
21. Nf5 Bf8 22. a3 Nc5 23. Rc3 d4 24. exd4 exd4 25. Rg3 d3+ 26. Kd1 Nxb3 27.
Rb1 Re8 28. Bxf6 Nc5 29. Bc3 Ne4 30. Rf3 Nxc3+ 31. dxc3 Bxa3 32. Re3 Rf8 33.
Rf3 Rdf7 34. Nd4 Rxf3 35. Nxf3 Bc5 36. Kd2 1/2-1/2

[Event "Championnat de la Loire - Top20"]
[Site "Loire"]
[Date "2002.12.14"]
[Round "4.3"]
[White "Graillon, David"]
[Black "Testard, Philippe"]
[Result "1/2-1/2"]
[WhiteElo "1940"]
[BlackElo "2100"]
[PlyCount "111"]

1. b3 d5 2. e3 c5 3. Bb2 Nc6 4. Nf3 e6 5. Be2 f6 6. d4 Bd6 7. O-O Nge7 8. Nbd2
O-O 9. c4 Bd7 10. e4 cxd4 11. exd5 exd5 12. cxd5 Nxd5 13. Nxd4 Kh8 14. Bf3 Nde7
15. Nc4 Bc5 16. Nxc6 Bxc6 17. Bxc6 Nxc6 18. Qh5 b6 19. Rad1 Qe8 20. Qf3 Rd8 21.
Rde1 Qd7 22. Rd1 Qc7 23. Rfe1 Nd4 24. Bxd4 Rxd4 25. Rxd4 Bxd4 26. Ne3 Re8 27.
Rd1 Bxe3 28. fxe3 Qc2 29. Qd5 h6 30. Rd2 Qc1+ 31. Kf2 Qc7 32. Qd7 Qe5 33. Re2
a5 34. Qd4 Qxh2 35. Qxb6 Re5 36. Qd8+ Kh7 37. Qd3+ Kg8 38. Rc2 Qh4+ 39. Kf1
Qh1+ 40. Kf2 Qh4+ 41. Kf1 f5 42. Qc4+ Qxc4+ 43. Rxc4 Kf7 44. Kf2 g5 45. b4 axb4
46. Rxb4 Ra5 47. a4 h5 48. Rb5 Rxb5 49. axb5 Ke6 50. e4 fxe4 51. Ke3 h4 52.
Kxe4 g4 53. b6 h3 54. gxh3 gxh3 55. b7 h2 56. b8=Q 1/2-1/2

[Event "Championnat de la Loire - Top20"]
[Site "Loire"]
[Date "2002.12.14"]
[Round "4.4"]
[White "Fuster, Pierre"]
[Black "Carrot, Patrick"]
[Result "1-0"]
[WhiteElo "1910"]
[BlackElo "1780"]
[PlyCount "73"]

1. e4 c5 2. Nf3 d6 3. d4 cxd4 4. Nxd4 Nf6 5. Nc3 a6 6. Bg5 e6 7. f4 Be7 8. Qf3
Nbd7 9. O-O-O Qc7 10. g4 b5 11. Bxf6 Bxf6 12. Bg2 Bb7 13. g5 Be7 14. Qf2 Nc5
15. Rhe1 b4 16. Nb1 e5 17. Nb3 Rc8 18. Nxc5 dxc5 19. Rf1 exf4 20. h4 Bd6 21.
Rfe1 O-O 22. e5 Bxe5 23. Bxb7 Rcd8 24. Bxa6 Bd4 25. Qf3 Be3+ 26. Nd2 Qd6 27.
Bd3 c4 28. Rxe3 fxe3 29. Nxc4 Qa6 30. Qf5 g6 31. Qa5 Qe6 32. Qe5 Qh3 33. Qxe3
Qxh4 34. Rf1 Rde8 35. Qd2 Ra8 36. Kb1 Rac8 37. Nb6 1-0

[Event "Championnat de la Loire - Top20"]
[Site "Loire"]
[Date "2002.12.14"]
[Round "4.5"]
[White "Cursoux, Gerard"]
[Black "Garon, Pierre"]
[Result "0-1"]
[WhiteElo "2030"]
[BlackElo "1960"]
[PlyCount "102"]

1. c4 Nf6 2. Nc3 e6 3. e4 d5 4. e5 d4 5. exf6 dxc3 6. fxg7 cxd2+ 7. Bxd2 Bxg7
8. Qg4 Qd4 9. Qxd4 Bxd4 10. O-O-O Bxf2 11. Nh3 Bd4 12. Bh6 c5 13. Be2 Nc6 14.
Rhf1 Ke7 15. g4 f6 16. Kb1 Bd7 17. Nf4 Be8 18. h4 Ne5 19. g5 Ng6 20. h5 Nxf4
21. gxf6+ Bxf6 22. Rxf4 Rg8 23. Rdf1 Bd4 24. Rg4 Rxg4 25. Bxg4 Bf7 26. Bg5+ Ke8
27. Re1 Kd7 28. Rf1 Bg8 29. b3 Kd6 30. Bh6 Re8 31. Bf8+ Kc7 32. h6 b6 33. Bh5
Rb8 34. Bg7 Rd8 35. Bf7 Bxf7 36. Rxf7+ Rd7 37. Rxd7+ Kxd7 38. Kc2 Ke7 39. Bxd4
cxd4 40. Kd3 e5 41. b4 Kd6 42. Ke4 Ke6 43. a3 a5 44. Kd3 axb4 45. axb4 Kf5 46.
Ke2 e4 47. Kf2 e3+ 48. Kf3 Ke5 49. Ke2 Ke4 50. Ke1 d3 51. Kf1 Kd4 0-1

[Event "Championnat de la Loire - Top20"]
[Site "Loire"]
[Date "2002.12.14"]
[Round "4.6"]
[White "Etlicher, Dominique"]
[Black "Mujic, Saban"]
[Result "1-0"]
[WhiteElo "2040"]
[BlackElo "1780"]
[PlyCount "61"]

1. e4 c5 2. Nf3 d6 3. d4 cxd4 4. Nxd4 Nf6 5. Nc3 a6 6. Bg5 e6 7. f4 Be7 8. Qf3
Qc7 9. O-O-O O-O 10. g4 b5 11. Bxf6 Bxf6 12. g5 Bxd4 13. Rxd4 Bb7 14. h4 Nc6
15. Rd2 f5 16. gxf6 Rxf6 17. Qe3 Raf8 18. Bh3 Ne7 19. Rhd1 d5 20. e5 Nf5 21.
Bxf5 Rxf5 22. Ne2 Rc8 23. Nd4 Qb6 24. Nxf5 Qa5 25. Ne7+ Kf7 26. Nxc8 Bxc8 27.
Kb1 b4 28. Qa7+ Kf8 29. Rg2 g6 30. h5 b3 31. axb3 1-0

[Event "Championnat de la Loire - Top20"]
[Site "Loire"]
[Date "2002.12.14"]
[Round "4.7"]
[White "Bruel, Bruno"]
[Black "Bellon, Yves"]
[Result "0-1"]
[WhiteElo "1700"]
[BlackElo "1890"]
[PlyCount "70"]

1. d4 Nf6 2. c4 c5 3. d5 d6 4. Nc3 g6 5. e4 Bg7 6. f4 O-O 7. Nf3 Re8 8. Bd3 e6
9. O-O exd5 10. cxd5 Na6 11. Re1 Nc7 12. Kh1 b5 13. Qc2 c4 14. Bf1 Bg4 15. Bd2
Nh5 16. Rad1 Rc8 17. Bc1 Bxf3 18. gxf3 Qh4 19. Ne2 Na6 20. Be3 Nb4 21. Qd2 Nd3
22. f5 Nxe1 23. Rxe1 h6 24. fxg6 fxg6 25. Kg1 Rf8 26. Bg2 Be5 27. Bxh6 Qxh2+
28. Kf1 Nf4 29. Bxf4 Bxf4 30. Qd4 Be5 31. Qxa7 Ra8 32. Qe7 Rxa2 33. Kf2 Rxb2
34. Qg5 Bd4+ 35. Kf1 Rxf3+ 0-1

[Event "Championnat de la Loire - Top20"]
[Site "Loire"]
[Date "2002.12.14"]
[Round "4.8"]
[White "Walter, Alain"]
[Black "Rea, Laurent"]
[Result "1-0"]
[WhiteElo "1840"]
[BlackElo "1760"]
[PlyCount "77"]

1. c4 Nf6 2. Nc3 d6 3. g3 c6 4. Bg2 e5 5. d4 Nbd7 6. Bg5 Be7 7. Nf3 O-O 8. O-O
Ne8 9. Bxe7 Qxe7 10. e3 f5 11. Re1 e4 12. Nd2 Ndf6 13. d5 Bd7 14. f3 exf3 15.
Bxf3 Qf7 16. e4 f4 17. gxf4 Qg6+ 18. Kh1 Bg4 19. Rg1 Bxf3+ 20. Qxf3 Qf7 21. Ne2
Nd7 22. Raf1 Qe7 23. Nd4 Rf7 24. Nf5 Rxf5 25. exf5 c5 26. Re1 Qf7 27. Qd3 Ndf6
28. Ne4 Nh5 29. f6 Nhxf6 30. Ng5 Qf8 31. Re3 Nc7 32. Rh3 Qe7 33. Rxh7 Nce8 34.
Qh3 Kf8 35. Ne6+ Kf7 36. Rhxg7+ Nxg7 37. Rxg7+ Ke8 38. Qh8+ Ng8 39. Qxg8+ 1-0

[Event "Championnat de la Loire - Top20"]
[Site "Loire"]
[Date "2002.12.14"]
[Round "4.9"]
[White "Valentin, Alain"]
[Black "Petit, Didier"]
[Result "1-0"]
[WhiteElo "1710"]
[BlackElo "1810"]
[PlyCount "65"]

1. d4 d5 2. c4 e6 3. cxd5 exd5 4. Nc3 Nf6 5. Bg5 Nbd7 6. e3 c6 7. Bd3 Be7 8. f3
h6 9. Bh4 Nf8 10. Nge2 Ne6 11. O-O b6 12. Kh1 g5 13. Bf2 g4 14. Ng3 h5 15. Nf5
Ng8 16. fxg4 hxg4 17. Qxg4 Nf6 18. Qe2 Ng5 19. Bg3 Nh5 20. Qf2 Be6 21. Be5 f6
22. Nxe7 fxe5 23. Nxc6 Qc7 24. Nxe5 Qg7 25. Bg6+ Ke7 26. Bxh5 Rxh5 27. g4 Rh6
28. Qf4 Rc8 29. Rac1 Nh3 30. Qg3 Ng5 31. Nb5 Qh7 32. Ng6+ Qxg6 33. Qd6+ 1-0

[Event "Championnat de la Loire - Top20"]
[Site "Loire"]
[Date "2003.01.11"]
[Round "5.1"]
[White "Ollier, Michel"]
[Black "Cizeron, Frederic"]
[Result "0-1"]
[WhiteElo "1900"]
[BlackElo "2092"]
[PlyCount "64"]

1. e4 e6 2. d4 d5 3. Nd2 c5 4. Ngf3 Nc6 5. Bb5 dxe4 6. Nxe4 Bd7 7. O-O Nxd4 8.
Nxd4 cxd4 9. Qe2 a6 10. Bc4 Nf6 11. Bg5 Be7 12. Bxf6 Bxf6 13. Nd6+ Kf8 14. Rfe1
g6 15. Rad1 Qe7 16. Nxb7 Qb4 17. Bxa6 Bc6 18. a3 Qb6 19. Nd6 Qxa6 20. Qg4 Bd5
21. Qf4 Kg7 22. Rxd4 Bxd4 23. Qxf7+ Kh6 24. Qf4+ g5 25. Qxd4 Rhf8 26. h4 Qxd6
27. hxg5+ Kg6 28. Qh4 Kg7 29. Re3 Qf4 30. Qh6+ Kg8 31. Rg3 Qxf2+ 32. Kh2 Qf4
0-1

[Event "Championnat de la Loire - Top20"]
[Site "Loire"]
[Date "2003.01.11"]
[Round "5.2"]
[White "Deville, Olivier"]
[Black "Massard, Christian"]
[Result "1-0"]
[WhiteElo "2040"]
[BlackElo "1830"]
[PlyCount "73"]

1. d4 Nf6 2. Nf3 g6 3. c4 Bg7 4. Nc3 d6 5. Bg5 h6 6. Bh4 Nbd7 7. e3 c5 8. Bd3
cxd4 9. Nxd4 Nc5 10. Bc2 Bd7 11. b4 Ne6 12. Rb1 O-O 13. O-O Qc8 14. Bxf6 Bxf6
15. Nd5 Nxd4 16. Nxf6+ exf6 17. Qxd4 Kg7 18. Bb3 Re8 19. Qxd6 Re6 20. Qd2 Qc7
21. c5 Re5 22. Qd6 Qc6 23. Rfd1 Rg5 24. Qxc6 Bxc6 25. g3 h5 26. f4 Rg4 27. Bc4
h4 28. Be2 Rxg3+ 29. hxg3 hxg3 30. Bf1 Re8 31. Re1 Be4 32. Rbc1 g5 33. Bg2 Bf5
34. Bxb7 Rb8 35. c6 Be4 36. c7 Rh8 37. Bxe4 1-0

[Event "Championnat de la Loire - Top20"]
[Site "Loire"]
[Date "2003.01.11"]
[Round "5.3"]
[White "Testard, Philippe"]
[Black "Fuster, Pierre"]
[Result "1-0"]
[WhiteElo "2100"]
[BlackElo "1890"]
[PlyCount "57"]

1. e4 e6 2. d4 d5 3. Nc3 Bb4 4. e5 c5 5. a3 Bxc3+ 6. bxc3 Qc7 7. Bd3 Nc6 8. Qg4
Nge7 9. Qxg7 Rg8 10. Qf6 Ng6 11. Ne2 cxd4 12. f4 dxc3 13. Nxc3 Ncxe5 14. Bb5+
Nd7 15. O-O a6 16. Bxd7+ Bxd7 17. f5 Nh4 18. Bg5 Qc5+ 19. Kh1 Nxf5 20. Rae1
Rxg5 21. Qxg5 Ne7 22. Ne2 Bb5 23. Qf6 O-O-O 24. Qxf7 Kb8 25. Qxe6 Bd7 26. Qe5+
Ka8 27. Nd4 Re8 28. Qg7 Qxa3 29. Rf8 1-0

[Event "Championnat de la Loire - Top20"]
[Site "Loire"]
[Date "2003.01.04"]
[Round "5.4"]
[White "Garon, Pierre"]
[Black "Graillon, David"]
[Result "1-0"]
[WhiteElo "2040"]
[BlackElo "1950"]
[PlyCount "121"]

1. d4 c5 2. Nf3 cxd4 3. Nxd4 Nc6 4. c4 e6 5. e3 Nge7 6. Nc3 Ng6 7. Be2 Be7 8.
O-O d6 9. Qd2 e5 10. Nc2 a6 11. Kh1 h5 12. b3 Be6 13. Bb2 f5 14. f4 Qd7 15. Nd5
Bxd5 16. cxd5 Nd8 17. a4 Nf7 18. Na3 h4 19. Nc4 Bd8 20. Qc2 Ne7 21. fxe5 Nxe5
22. Nxe5 dxe5 23. Bxe5 h3 24. Bf3 Nxd5 25. Qc5 Nf6 26. Rfd1 hxg2+ 27. Bxg2 Qf7
28. Qb4 Ng4 29. Bg3 Ra7 30. Rac1 Nxh2 31. Bxh2 Bc7 32. Rxc7 Qxc7 33. Qf4 Qxf4
34. exf4 b5 35. a5 g5 36. Kg1 gxf4 37. Bxf4 Rg8 38. Kf2 Ke7 39. Bd6+ Kf6 40.
Bc5 Rc7 41. b4 Rg6 42. Bf3 f4 43. Be4 Rg3 44. Rd5 Ra3 45. Rf5+ Ke6 46. Rxf4
Rxa5 47. bxa5 Rxc5 48. Rh4 Ke5 49. Ke3 Rc3+ 50. Bd3 Ra3 51. Rh5+ Kd6 52. Rh6+
Kc5 53. Rxa6 Kb4 54. Kd4 Rxa5 55. Rb6 Ka3 56. Kc3 Ka4 57. Rb7 Ka3 58. Bxb5 Ka2
59. Bc4+ Ka1 60. Rf7 Ra3+ 61. Bb3 1-0

[Event "Championnat de la Loire - Top20"]
[Site "Loire"]
[Date "2003.01.11"]
[Round "5.5"]
[White "Bellon, Yves"]
[Black "Etlicher, Dominique"]
[Result "1-0"]
[WhiteElo "1860"]
[BlackElo "1960"]
[PlyCount "65"]

1. e4 c5 2. Nc3 Nc6 3. f4 e6 4. Nf3 Nge7 5. g3 g6 6. Bg2 Bg7 7. d3 d6 8. O-O
O-O 9. Be3 Nd4 10. Qd2 Rb8 11. h3 b5 12. Bxd4 cxd4 13. Ne2 Qb6 14. g4 f5 15.
Ng3 Bb7 16. Ng5 d5 17. exf5 gxf5 18. Rae1 Rf6 19. Qe2 Re8 20. Nh5 e5 21. Qxe5
Qc6 22. Nxg7 Kxg7 23. Ne6+ Qxe6 24. Qxe6 Rxe6 25. Rxe6 Bc8 26. Re5 fxg4 27.
hxg4 Bd7 28. Rfe1 Kf7 29. f5 Nc6 30. Rxe8 Bxe8 31. Bxd5+ Kf8 32. Rxe8+ Kxe8 33.
Bxc6+ 1-0

[Event "Championnat de la Loire - Top20"]
[Site "Loire"]
[Date "2003.01.11"]
[Round "5.6"]
[White "Valentin, Alain"]
[Black "Cursoux, Gerard"]
[Result "0-1"]
[WhiteElo "1740"]
[BlackElo "1990"]
[PlyCount "82"]

1. d4 Nf6 2. c4 c5 3. d5 b5 4. b3 g6 5. Nd2 Qa5 6. Qc2 d6 7. Bb2 Bg7 8. e4 bxc4
9. Bc3 cxb3 10. axb3 Qc7 11. Ngf3 Nbd7 12. Bd3 O-O 13. O-O Nb6 14. Ra5 Bg4 15.
Rfa1 Rfc8 16. Qa2 Nfxd5 17. Bxg7 Nb4 18. Qa3 Kxg7 19. Bf1 Nc6 20. Ra6 Bxf3 21.
Nxf3 Rcb8 22. Rc1 Rb7 23. Bb5 e5 24. b4 Nd4 25. Nxd4 exd4 26. bxc5 dxc5 27.
Rxc5 Qe7 28. Bc6 Nc4 29. Qc1 Qxc5 30. Bxb7 Rb8 31. Bd5 Na3 32. Rc6 Qxc6 33.
Bxc6 Rb1 34. Qxb1 Nxb1 35. Bb5 Nc3 36. Bd3 a5 37. Kf1 a4 38. f3 a3 39. Bc4 a2
40. Bxa2 Nxa2 41. Ke2 Nb4 0-1

[Event "Championnat de la Loire - Top20"]
[Site "Loire"]
[Date "2003.01.11"]
[Round "5.8"]
[White "Mujic, Saban"]
[Black "Walter, Alain"]
[Result "1-0"]
[WhiteElo "1770"]
[BlackElo "1810"]
[PlyCount "135"]

1. Nf3 Nf6 2. d4 e6 3. Nc3 d5 4. Bf4 Bb4 5. e3 Ne4 6. Qd3 O-O 7. a3 Bxc3+ 8.
bxc3 c5 9. dxc5 Qa5 10. Be5 Nc6 11. Bd4 Nxd4 12. exd4 Nxc3 13. Nd2 Ne4 14. f3
Nf6 15. Be2 Bd7 16. O-O Rac8 17. Nb3 Qc7 18. Rfe1 b6 19. c4 Ba4 20. cxd5 Nxd5
21. cxb6 axb6 22. Rac1 Qd6 23. Rxc8 Rxc8 24. Rc1 Rxc1+ 25. Nxc1 b5 26. g3 g6
27. Kg2 Nb6 28. Qc3 Nd5 29. Qc8+ Kg7 30. Qc5 Qb8 31. Nd3 Qd8 32. Nb4 Ne3+ 33.
Kf2 Nf5 34. Nc6 Qd6 35. Bd3 Qd7 36. Bxb5 Bxb5 37. Qxb5 f6 38. Qc5 Qb7 39. Nb4
Qd7 40. d5 exd5 41. Nxd5 Qa4 42. Qc7+ Kh6 43. Qf4+ Qxf4 44. Nxf4 Kg7 45. a4 Kf7
46. a5 Nd6 47. a6 Nc8 48. Ke3 Ke7 49. Kd4 Kd6 50. Nd5 f5 51. Nf6 h5 52. Nd5 g5
53. Ne3 Ne7 54. Nc4+ Kc7 55. Kc5 Nc8 56. Ne3 Kb8 57. Nxf5 Ka7 58. Kb5 Nb6 59.
Ng7 Na8 60. Nxh5 Nc7+ 61. Kc6 Ne6 62. Kd5 Nf8 63. Kd6 Kxa6 64. Ke7 Ng6+ 65. Kf6
g4 66. fxg4 Nf8 67. g5 Nh7+ 68. Kf5 1-0

[Event "Championnat de la Loire - Top20"]
[Site "Loire"]
[Date "2003.02.01"]
[Round "6.1"]
[White "Cizeron, Frederic"]
[Black "Garon, Pierre"]
[Result "1/2-1/2"]
[WhiteElo "2092"]
[BlackElo "2040"]
[PlyCount "48"]

1. Nf3 d5 2. d4 Nf6 3. c4 c6 4. Nc3 e6 5. Bg5 Nbd7 6. e3 Be7 7. cxd5 exd5 8.
Bd3 O-O 9. O-O Re8 10. Qc2 Nf8 11. Rab1 Ne4 12. Bxe7 Qxe7 13. b4 a6 14. a4 Ng6
15. b5 axb5 16. axb5 Bg4 17. Ne5 Nxe5 18. Bxe4 dxe4 19. dxe5 Qxe5 20. bxc6 bxc6
21. Rb4 Bf5 22. Ne2 Bd7 23. Rd4 Re7 24. Rc4 Ra1 1/2-1/2

[Event "Championnat de la Loire - Top20"]
[Site "Loire"]
[Date "2003.02.08"]
[Round "6.2"]
[White "Testard, Philippe"]
[Black "Deville, Olivier"]
[Result "1/2-1/2"]
[WhiteElo "2100"]
[BlackElo "2040"]
[PlyCount "55"]

1. e4 c5 2. Nf3 e6 3. d4 cxd4 4. Nxd4 Nc6 5. Nc3 Qc7 6. Be2 a6 7. Be3 Bb4 8.
O-O Nf6 9. Na4 O-O 10. c4 Be7 11. c5 Nxe4 12. Nxc6 dxc6 13. Nb6 Rb8 14. Qc2 Nf6
15. g3 Nd5 16. Nxd5 cxd5 17. Bd3 f5 18. f4 Bd7 19. Rac1 Rbc8 20. b4 Bf6 21. Qf2
Bc6 22. Bd4 Qd7 23. Rfe1 Qf7 24. Ra1 Ba4 25. Be5 Bxe5 26. Rxe5 Qf6 27. Rae1 Bd7
28. Qd4 1/2-1/2

[Event "Championnat de la Loire - Top20"]
[Site "Loire"]
[Date "2003.02.08"]
[Round "6.3"]
[White "Fuster, Pierre"]
[Black "Ollier, Michel"]
[Result "0-1"]
[WhiteElo "1890"]
[BlackElo "1900"]
[PlyCount "78"]

1. e4 c5 2. Nf3 d6 3. d4 cxd4 4. Nxd4 Nf6 5. Nc3 a6 6. Bg5 e6 7. f4 Nbd7 8. Qf3
Qc7 9. O-O-O b5 10. Bxf6 Nxf6 11. Bd3 Bb7 12. Rhe1 b4 13. Nce2 Be7 14. g4 Nd7
15. Ng3 Nc5 16. Bf1 Rc8 17. Rd2 Bf6 18. Qd1 Bxd4 19. Rxd4 b3 20. Bc4 bxa2 21.
Bxa2 O-O 22. Rxd6 Rfd8 23. e5 Qa5 24. Kb1 Bf3 25. Rxd8+ Rxd8 26. Qc1 Bxg4 27.
Qe3 Rb8 28. Rg1 Qb4 29. Bb3 a5 30. Qe1 Qb6 31. Ne4 Nxb3 32. Rxg4 Nd2+ 33. Kc1
Nxe4 34. Qxe4 Qxb2+ 35. Kd2 Rd8+ 36. Ke2 Qc1 37. Rg2 Rd2+ 38. Kf3 Qf1+ 39. Kg3
Qxg2+ 0-1

[Event "Championnat de la Loire - Top20"]
[Site "Loire"]
[Date "2003.02.08"]
[Round "6.4"]
[White "Massard, Christian"]
[Black "Bellon, Yves"]
[Result "1-0"]
[WhiteElo "1830"]
[BlackElo "1860"]
[PlyCount "83"]

1. Nf3 c5 2. c4 b6 3. b3 Bb7 4. e3 Nf6 5. Bb2 e6 6. Be2 Be7 7. O-O O-O 8. Nc3
d6 9. d4 Nbd7 10. Qc2 a6 11. Rfd1 Qc7 12. Bd3 Rac8 13. Ng5 g6 14. Nge4 cxd4 15.
exd4 d5 16. cxd5 Nxd5 17. Qe2 Nf4 18. Qf1 f5 19. Ng3 Bxg2 20. Qe1 Qc6 21. d5
exd5 22. Qxe7 d4 23. Bc4+ Kh8 24. Nd5 Bxd5 25. Bxd4+ Nf6 26. Bxf6+ Rxf6 27.
Bxd5 Re8 28. Bxc6 Rxe7 29. Rd8+ Kg7 30. Rd7 Rxd7 31. Bxd7 Rd6 32. Bc8 a5 33.
Ba6 h5 34. Re1 h4 35. Ne2 Ne6 36. Bc4 Nc5 37. Nc3 Kf6 38. Rd1 Rc6 39. Bb5 Re6
40. Nd5+ Kg5 41. h3 Re5 42. f4+ 1-0

[Event "Championnat de la Loire - Top20"]
[Site "Loire"]
[Date "2003.02.08"]
[Round "6.5"]
[White "Cursoux, Gerard"]
[Black "Poncet, Alain"]
[Result "1-0"]
[WhiteElo "1990"]
[BlackElo "1920"]
[PlyCount "87"]

1. e4 g6 2. d4 Bg7 3. Nc3 e6 4. Bc4 Nc6 5. Nf3 Nge7 6. Bg5 h6 7. Be3 d5 8. Be2
dxe4 9. Nxe4 Nf5 10. c3 Nxe3 11. fxe3 O-O 12. O-O b6 13. Ned2 e5 14. Qa4 Bb7
15. Rad1 exd4 16. cxd4 Qe7 17. e4 Qb4 18. Qxb4 Nxb4 19. Rc1 Ba6 20. Bxa6 Nxa6
21. Rc6 Rad8 22. e5 Rfe8 23. Rfc1 Re7 24. Ne4 Re6 25. a3 Kf8 26. Rxe6 fxe6 27.
b4 Rd7 28. Kf2 c5 29. bxc5 bxc5 30. Nxc5 Nxc5 31. Rxc5 Kf7 32. Rb5 Bf8 33. a4
Be7 34. Ke3 Bd8 35. Ke4 Be7 36. a5 Bd8 37. a6 Bb6 38. d5 exd5+ 39. Rxd5 Rc7 40.
Nd4 Ke7 41. Rd6 Rc4 42. Kd3 Rc5 43. Rxg6 Rxe5 44. Nc6+ 1-0

[Event "Championnat de la Loire - Top20"]
[Site "Loire"]
[Date "2003.02.08"]
[Round "6.6"]
[White "Graillon, David"]
[Black "Etlicher, Dominique"]
[Result "1-0"]
[WhiteElo "1950"]
[BlackElo "1960"]
[PlyCount "67"]

1. Nc3 c5 2. Nf3 Nf6 3. d4 cxd4 4. Nxd4 Nc6 5. e4 e5 6. Ndb5 d6 7. Bg5 a6 8.
Na3 b5 9. Nd5 Be7 10. Bxf6 Bxf6 11. c4 O-O 12. cxb5 Nd4 13. bxa6 Bg5 14. Nc2
Nxc2+ 15. Qxc2 Be6 16. Bd3 Bxd5 17. exd5 Qa5+ 18. Qc3 Qxd5 19. O-O Qe6 20. Rad1
d5 21. b4 e4 22. Be2 Rfd8 23. Qb3 Qe5 24. b5 d4 25. Bc4 e3 26. fxe3 dxe3 27.
Be2 Bf6 28. b6 Rxd1 29. Rxd1 Qc5 30. a7 Be5 31. Qd5 Qxd5 32. Rxd5 f6 33. Rxe5
fxe5 34. b7 1-0

[Event "Championnat de la Loire - Top20"]
[Site "Loire"]
[Date "2003.02.01"]
[Round "6.7"]
[White "Mujic, Saban"]
[Black "Bruel, Bruno"]
[Result "1-0"]
[WhiteElo "1770"]
[BlackElo "1690"]
[PlyCount "153"]

1. Nf3 Nf6 2. d4 d5 3. e3 c5 4. c4 e6 5. cxd5 exd5 6. Bb5+ Nc6 7. O-O Bd6 8.
dxc5 Bxc5 9. Nc3 O-O 10. a3 a5 11. b3 Bg4 12. Be2 h6 13. Bb2 Be6 14. Rc1 Qe7
15. a4 Rad8 16. Qc2 Nb4 17. Qb1 Ne4 18. Rfd1 Bf5 19. Qa1 Nxf2 20. Rf1 Bxe3 21.
Rxf2 Rfe8 22. Rcf1 Bd3 23. Qd1 Bxe2 24. Qxe2 d4 25. Nd1 Bxf2+ 26. Qxf2 Nd3 27.
Qd2 Qe4 28. Nf2 Nxf2 29. Qxf2 d3 30. Nd2 Qe3 31. Bc1 Qxf2+ 32. Kxf2 Re2+ 33.
Kf3 Rd6 34. Ne4 Re6 35. Nd2 Rxd2 36. Bxd2 Rf6+ 37. Bf4 g5 38. g3 gxf4 39. gxf4
Rd6 40. Rd1 Kg7 41. Ke3 Kf6 42. Rxd3 Rxd3+ 43. Kxd3 Kf5 44. Ke3 Kg4 45. Ke4 h5
46. Ke5 h4 47. f5 Kh3 48. Kf6 Kxh2 49. Kxf7 Kg3 50. Kg8 h3 51. f6 h2 52. f7
h1=Q 53. f8=Q Qd5+ 54. Qf7 Qg5+ 55. Kf8 Qd8+ 56. Qe8 Qf6+ 57. Qf7 Qd8+ 58. Kg7
Qd4+ 59. Kg6 Qg4+ 60. Kf6 Qf4+ 61. Ke6 Qe4+ 62. Kd6 Qc6+ 63. Ke5 Qc3+ 64. Ke4
Qc2+ 65. Kd4 Qd2+ 66. Ke4 Qc2+ 67. Ke3 Qc5+ 68. Ke4 Qc2+ 69. Ke5 Qc3+ 70. Kd6
Qc6+ 71. Ke7 Qe4+ 72. Qe6 Qh7+ 73. Kd6 Qd3+ 74. Kc7 Qc3+ 75. Kxb7 Qb4+ 76. Qb6
Qe7+ 77. Qc7+ 1-0

[Event "Championnat de la Loire - Top20"]
[Site "Loire"]
[Date "2003.02.08"]
[Round "6.9"]
[White "Petit, Didier"]
[Black "Walter, Alain"]
[Result "0-1"]
[WhiteElo "1760"]
[BlackElo "1810"]
[PlyCount "48"]

1. Nf3 Nf6 2. d4 d5 3. Bf4 e6 4. e3 c5 5. Be2 Nc6 6. O-O cxd4 7. exd4 Be7 8. c3
O-O 9. Nbd2 Nh5 10. Bg3 Nxg3 11. hxg3 f6 12. Bd3 e5 13. dxe5 Nxe5 14. Bc2 Bg4
15. Nb3 Rc8 16. Qe2 Re8 17. Qe3 Bc5 18. Qf4 g5 19. Qa4 Nxf3+ 20. gxf3 Bxf3 21.
Rfe1 Re5 22. Rxe5 fxe5 23. Bf5 Rc6 24. Nxc5 Rh6 0-1

[Event "Championnat de la Loire - Top20"]
[Site "Loire"]
[Date "2003.03.22"]
[Round "7.1"]
[White "Cizeron, Frederic"]
[Black "Massard, Christian"]
[Result "1-0"]
[WhiteElo "2092"]
[BlackElo "1830"]
[PlyCount "95"]

1. c4 Nf6 2. Nc3 g6 3. d4 Bg7 4. e4 d6 5. f3 O-O 6. Be3 e5 7. d5 Nh5 8. g4 Nf4
9. Nge2 f5 10. gxf5 gxf5 11. Ng3 a6 12. Qd2 Qh4 13. O-O-O Bd7 14. Bf2 Qh6 15.
exf5 Bxf5 16. Be3 Bh3 17. Rg1 Nd7 18. Nce4 Qh4 19. Kb1 Kh8 20. Nh1 Bf5 21. Nhg3
Bg6 22. Ka1 Bh6 23. b4 Bg7 24. c5 Nf6 25. Nxf6 Rxf6 26. Ne4 Bxe4 27. fxe4 Nh3
28. Bxh3 Qxh3 29. Rg3 Qh5 30. Rdg1 Rg6 31. Qg2 Rxg3 32. Qxg3 Qf7 33. Kb2 Rg8
34. Kb3 Qh5 35. a4 Qf7 36. Qg2 c6 37. cxd6 cxd5 38. exd5 Qf6 39. Qe4 Qxd6 40.
Bc5 Qd7 41. Rd1 Qh3+ 42. Rd3 Qxh2 43. d6 Bf6 44. d7 Bd8 45. Bd6 Bf6 46. Bc7 Rg2
47. d8=Q+ Kg7 48. Rd7+ 1-0

[Event "Championnat de la Loire - Top20"]
[Site "Loire"]
[Date "2003.03.22"]
[Round "7.2"]
[White "Garon, Pierre"]
[Black "Deville, Olivier"]
[Result "0-1"]
[WhiteElo "2040"]
[BlackElo "2040"]
[PlyCount "68"]

1. d4 d5 2. Nf3 c6 3. Bg5 h6 4. Bh4 Qb6 5. Qc1 Bf5 6. e3 Nd7 7. Bd3 e6 8. O-O
Bd6 9. Nbd2 Bxd3 10. cxd3 Ngf6 11. Nb3 a5 12. Qc2 a4 13. Nbd2 O-O 14. Nb1 Rfc8
15. Nc3 a3 16. b3 c5 17. Na4 Qb4 18. Qe2 c4 19. dxc4 dxc4 20. Nc5 Bxc5 21. dxc5
cxb3 22. axb3 Rxc5 23. Rfb1 Rac8 24. Qd1 Nd5 25. Be7 Nxe7 26. Qxd7 a2 27. Rf1
Rd5 28. Qa4 Qxa4 29. bxa4 Rc2 30. Nd4 Rb2 31. Rfc1 Ra5 32. Kf1 Rxa4 33. g3 b5
34. Rc2 Rb1+ 0-1

[Event "Championnat de la Loire - Top20"]
[Site "Loire"]
[Date "2003.03.22"]
[Round "7.3"]
[White "Ollier, Michel"]
[Black "Testard, Philippe"]
[Result "1-0"]
[WhiteElo "1900"]
[BlackElo "2100"]
[PlyCount "61"]

1. e4 c5 2. Nf3 e6 3. d4 cxd4 4. Nxd4 Nc6 5. Be2 a6 6. O-O Qc7 7. Be3 Nf6 8.
Nc3 d6 9. f4 Be7 10. Bf3 Na5 11. Kh1 Rb8 12. a4 b6 13. Qe1 Bb7 14. Qg3 Nd7 15.
Rad1 Bf6 16. Ncb5 axb5 17. Nxb5 Qxc2 18. Nxd6+ Kf8 19. Nxb7 Rxb7 20. e5 Ra7 21.
exf6 Nxf6 22. Rd8+ Ne8 23. Bxb6 Ra6 24. Bxa5 Rxa5 25. f5 Ke7 26. Qh4+ f6 27.
Rfd1 Rxa4 28. R8d7+ Kf8 29. Qh5 g6 30. Qh6+ Kg8 31. Rd8 1-0

[Event "Championnat de la Loire - Top20"]
[Site "Loire"]
[Date "2003.03.22"]
[Round "7.4"]
[White "Graillon, David"]
[Black "Cursoux, Gerard"]
[Result "0-1"]
[WhiteElo "1950"]
[BlackElo "1990"]
[PlyCount "70"]

1. e4 c5 2. Nf3 Nc6 3. d4 cxd4 4. Nxd4 g6 5. Nc3 Bg7 6. Be3 Nf6 7. Be2 O-O 8.
h4 h5 9. g4 hxg4 10. h5 gxh5 11. Nf5 d6 12. Nh6+ Bxh6 13. Bxh6 Qa5 14. Bxf8
Kxf8 15. Qd2 Kg7 16. O-O-O Be6 17. f4 Rg8 18. f5 Bxa2 19. Nxa2 Qxa2 20. Qc3 Ne5
21. Bd3 Rh8 22. Kd2 Qa4 23. Ke3 Qc6 24. Qe1 Qb6+ 25. Kf4 Nf3 26. Qc3 h4 27.
Rdf1 e5+ 28. fxe6 fxe6 29. Rxf3 e5+ 30. Kf5 Rh5+ 31. Ke6 d5+ 32. Ke7 gxf3 33.
Bb5 Nxe4 34. Rg1+ Qxg1 35. Qxf3 Qg5+ 0-1